书目信息 |
| 题名: |
改革
|
|
| 作者: | ;国家发展改革委 著 | |
| 分册: | ||
| 出版信息: | 北京 人民出版社 2018.12 |
|
| 页数: | 353页 | |
| 开本: | 24cm | |
| 丛书名: | 改革开放40年: 中国经济发展系列丛书 | |
| 单 册: | ||
| 中图分类: | F121 | |
| 科图分类: | ||
| 主题词: | 中国经济--zhong guo jing ji--经济改革--研究 | |
| 电子资源: | ||
| ISBN: | 978-7-01-009861-6 | |
| 000 | 01433nam 2200289 450 | |
| 001 | CAL 0120192663798 | |
| 005 | 20190131105830.5 | |
| 010 | @a978-7-01-009861-6@dCNY73.00 | |
| 100 | @a20190131d2018 em y0chiy50 ea | |
| 101 | 0 | @achi |
| 102 | @aCN@b110000 | |
| 105 | @aak a 000yy | |
| 106 | @ar | |
| 200 | 1 | @a改革@Agai ge@e如何推动中国经济腾飞@f国家发展改革委宏观经济研究院经济研究所著@Fguo jia fa zhan gai ge wei hong guan jing ji yan jiu yuan jing ji yan jiu suo zhu |
| 210 | @a北京@c人民出版社@d2018.12 | |
| 215 | @a353页@c图@d24cm | |
| 225 | 2 | @a改革开放40年: 中国经济发展系列丛书@Agai ge kai fang 40 nian : zhong guo jing ji fa zhan xi lie cong shu |
| 320 | @a有书目 | |
| 330 | @a本书全面梳理中国经济改革演进逻辑和脉络, 分析不同阶段改革对经济发展的影响, 提出推动新一轮经济腾飞的建议。我国改革开放的40年, 是发生翻天覆地变化的40年。包括: 以农村改革为肇始的第一轮改革使中国经济从崩溃边缘步入起飞轨道 ; 以建立社会主义市场经济体制为目标的经二轮改革推动中国基本实现小康等。 | |
| 410 | 0 | @12001 @a改革开放40年: 中国经济发展系列丛书 |
| 517 | 1 | @a如何推动中国经济腾飞@Aru he tui dong zhong guo jing ji teng fei |
| 586 | @a | |
| 606 | 0 | @a中国经济@Azhong guo jing ji@x经济改革@x研究 |
| 690 | @aF121@v5 | |
| 711 | 02 | @a国家发展改革委@Aguo jia fa zhan gai ge wei@b宏观经济研究院经济研究所@Bhong guan jing ji yan jiu yuan jing ji yan jiu suo@4著 |
| 801 | 0 | @aCN@c20190131 |
| 905 | @a河南城建学院图书馆@dF121@eG900@f2 | |
| 改革:如何推动中国经济腾飞/国家发展改革委宏观经济研究院经济研究所著.-北京:人民出版社,2018.12 |
| 353页:图;24cm.-(改革开放40年: 中国经济发展系列丛书) |
| ISBN 978-7-01-009861-6:CNY73.00 |
| 本书全面梳理中国经济改革演进逻辑和脉络, 分析不同阶段改革对经济发展的影响, 提出推动新一轮经济腾飞的建议。我国改革开放的40年, 是发生翻天覆地变化的40年。包括: 以农村改革为肇始的第一轮改革使中国经济从崩溃边缘步入起飞轨道 ; 以建立社会主义市场经济体制为目标的经二轮改革推动中国基本实现小康等。 |
| ● |
| 相关链接 |
|
|
|
正题名:改革
索取号:F121/G900
 
预约/预借
| 序号 | 登录号 | 条形码 | 馆藏地/架位号 | 状态 | 备注 |
| 1 | 1411471 | 214114714 | 社科库409/409社科库 68排2列2层/ [索取号:F121/G900] | 在馆 | |
| 2 | 1411472 | 214114723 | 社科库409/409社科库 68排2列2层/ [索取号:F121/G900] | 在馆 |